[Event "VIE-ch U11 Girls"]
[Site "Ho Chi Minh City"]
[Date "2014.07.17"]
[Round "7"]
[White "Hau, Nguyen My Kim"]
[Black "Pham, Thi Ngoc Nhi"]
[Result "1-0"]
[WhiteElo "1736"]
[BlackElo "1721"]
[PlyCount "59"]
[EventDate "2014.07.13"]
[EventType "swiss"]
[EventRounds "9"]
[EventCountry "VIE"]
[SourceTitle "EXT 2016"]
[Source "ChessBase"]
[SourceDate "2015.10.08"]
[SourceVersion "1"]
[SourceVersionDate "2015.10.08"]
[SourceQuality "1"]

1. e4 e5 2. g3 Nf6 3. Nc3 d6 4. Nf3 Be7 5. Bg2 0-0 6. 0-0 Nc6 7. b3 Bg4 8. h3 Bxf3 9. Bxf3 Re8 10. Bb2 a6 11. d3 Qc8 12. Bg2 Rd8 13. Nd5 Nxd5 14. exd5 Nd4 15. f4 Bf6 16. fxe5 Bxe5 17. Kh2 c6 18. Rb1 Nf5 19. Bxe5 dxe5 20. dxc6 bxc6 21. Qh5 g6 22. Qg5 Kg7 23. g4 h6 24. Qd2 Nh4 25. Qf2 Nxg2 26. Qxf7+ Kh8 27. Qf6+ Kg8 28. Qxg6+ Kh8 29. Rf7 Rg8 30. Qh7# 1-0

[Event "VIE-ch U11 Girls"]
[Site "Ho Chi Minh City"]
[Date "2014.07.16"]
[Round "6"]
[White "Nguyen, Thi Xuan Viet"]
[Black "Hau, Nguyen My Kim"]
[Result "1-0"]
[WhiteElo "1700"]
[BlackElo "1736"]
[PlyCount "89"]
[EventDate "2014.07.13"]
[EventType "swiss"]
[EventRounds "9"]
[EventCountry "VIE"]
[SourceTitle "EXT 2016"]
[Source "ChessBase"]
[SourceDate "2015.10.08"]
[SourceVersion "1"]
[SourceVersionDate "2015.10.08"]
[SourceQuality "1"]

1. e4 e5 2. Nf3 Nc6 3. Bc4 h6 4. d3 Nf6 5. Be3 Bd6 6. Nc3 Bb4 7. 0-0 0-0 8. h3 d6 9. Bb3 Nh5 10. a3 Bxc3 11. bxc3 Nf4 12. Bxf4 exf4 13. Re1 Qf6 14. c4 Qg6 15. Kh2 Bd7 16. Qd2 Qf6 17. Ba4 Rab8 18. Rab1 Rfd8 19. Bxc6 Bxc6 20. e5 dxe5 21. Nxe5 f3 22. Nxc6 Qxc6 23. g3 Re8 24. Rxe8+ Rxe8 25. Re1 Rxe1 26. Qxe1 Qe6 27. Qxe6 fxe6 28. g4 Kf7 29. Kg3 Kf6 30. Kxf3 Ke5 31. Ke3 Kd6 32. f4 e5 33. fxe5+ Kxe5 34. d4+ Ke6 35. Ke4 Kd6 36. Kf5 a5 37. Kg6 c5 38. d5 Ke5 39. Kxg7 Kd4 40. Kxh6 Kxc4 41. g5 Kxd5 42. g6 Ke6 43. g7 Kf7 44. Kh7 Ke6 45. g8Q+ 1-0